000
00315nam a2200133Ia 4500
100
_a
Theraja/B.L./ SEDHA
942
_c
BK
366
_f
10
245
_a
PRINCIPLES OF ELECTRONICS DEVICES & CIRCUITS
260
_b
S.Chand & Co.
_a
New Delhi
_c
2008
082
_a
621.3815/THE/SED
300
_a
592
546
_a
ENGLISH
999
_c
35141
_d
35141